|
|
|
|
| LEADER |
01306cam a2200397 a 4500 |
| 001 |
nkc20071750608 |
| 003 |
CZ PrNK |
| 005 |
20080409144715.0 |
| 007 |
ta |
| 008 |
080103s2007 xr g 000 f cze d |
| 015 |
|
|
|a cnb001750608
|
| 020 |
|
|
|a 978-80-207-1255-4
|q (váz.)
|
| 035 |
|
|
|a (OCoLC)228594531
|
| 040 |
|
|
|a KLG001
|b cze
|d BOA001
|
| 041 |
1 |
|
|a cze
|h eng
|
| 072 |
|
7 |
|a 821.111-3
|x Anglická próza, anglicky psaná
|2 Konspekt
|9 25
|
| 080 |
|
|
|a 821.111-31
|2 MRF
|
| 080 |
|
|
|a (0:82-31)
|2 MRF
|
| 100 |
1 |
|
|a Swift, Graham,
|d 1949-
|7 jn19990008381
|4 aut
|
| 245 |
1 |
0 |
|a Zítřek /
|c Graham Swift ; [přeložila Alena Jindrová-Špilarová ; doslov Petr Matoušek]
|
| 250 |
|
|
|a Vyd. 1.
|
| 260 |
|
|
|a V Praze :
|b Odeon,
|c 2007
|
| 300 |
|
|
|a 205 s. ;
|c 21 cm
|
| 490 |
1 |
|
|a Světová knihovna ;
|v sv. 63
|
| 500 |
|
|
|a Přeloženo z angličtiny
|
| 655 |
|
7 |
|a anglické romány
|7 fd131814
|2 czenas
|
| 655 |
|
9 |
|a English fiction
|2 eczenas
|
| 700 |
1 |
|
|a Matoušek, Petr,
|d 1968-
|7 jo20000080605
|4 trl
|
| 765 |
0 |
|
|t Tomorrow
|9 Česky
|
| 830 |
|
0 |
|a Světová knihovna (Odeon)
|0 s
|
| 910 |
2 |
|
|a BOA001
|b 2-1197.383
|
| 928 |
9 |
|
|a Euromedia Group - Odeon
|
| 990 |
|
|
|a BK
|
| 995 |
|
|
|a 01
|
| 991 |
|
|
|b 200801
|
| 996 |
6 |
|
|b 2610330027
|c 2-1197.383
|l MZK
|r Sklad / do 1 hodiny
|n 1
|p p.v.
|w 000882211
|u 000010
|a 1
|e BOA001
|j MZK50
|s P
|